header

Shamanism, racism, and hip-hop culture (Record no. 187851)

MARC details
000 -LEADER
fixed length control field 01732nam a2200385Ia 4500
082 04 - DEWEY DECIMAL CLASSIFICATION NUMBER
Classification number 305.8/00973
100 1# - MAIN ENTRY--AUTHOR NAME
Personal name Perkinson, James W.
245 10 - TITLE STATEMENT
Title Shamanism, racism, and hip-hop culture
260 ## - PUBLICATION, DISTRIBUTION, ETC. (IMPRINT)
Place of publication New York :
Name of publisher Palgrave Macmillan,
Year of publication 2005.
300 ## - PHYSICAL DESCRIPTION
Number of Pages xxviii, 227 p.
490 1# - SERIES STATEMENT
Series statement Black religion, womanist thought, social justice
505 0# - FORMATTED CONTENTS NOTE
Formatted contents note 1. Beyond occasional whiteness -- 2. Modernity's witchcraft practice -- 3. The gift/curse of "second sight" -- 4. Constructing the break -- 5. Rap rapture and manic mortality -- 6. From mega-lith to Mack Daddy -- 7. Monstrous polyphony/tricky antiphony -- 8. The body of white space.
650 #0 - SUBJECT ADDED ENTRY--TOPICAL TERM
Topical Term Shamanism.
Topical Term Race discrimination.
Topical Term Race relations.
Topical Term White supremacy movements.
Topical Term Hip-hop.
856 40 - ELECTRONIC LOCATION AND ACCESS
Uniform Resource Identifier http://site.ebrary.com/lib/rucke/Doc?id=10135465

No items available.

© 2026 Rongo University
Contact us: librarian | system librarian | Rongo university